000 00581nam a2200241 a 4500
001 nice12345678
003 IN_TiNIC
005 20260116013536.0
008 050524s1989 dela grp 000 0 eng
020 _a
_c100
082 0 0 _a294.5922
_bRAG
100 _aRaghavan, V
245 _aRamayana Tradition in Asia.
260 _aDelhi
_bSahitya Academy
_c1989
300 _a727p
500 _aincludes index and biblioraphy
505 2 _aIndex, Bibliography
650 _aRamayana-History
700 1 _aRaghavan, V
902 _bSRS
942 _cBK
999 _c11400
_d11400